| 000 | 00627nam a2200253Ia 4500 | ||
|---|---|---|---|
| 008 | 210210b2019 xxu||||| |||| 00| 0 eng d | ||
| 020 | _a9788126920228 | ||
| 041 | _aeng | ||
| 082 | _a144.3 MOHC | ||
| 100 | _aMOHAPATRA (J K) | ||
| 245 | _aConstructivism: the new paradigm from theory to practice | ||
| 260 |
_aNew Delhi _bAtlantic Publisher & Distributors _c2019 |
||
| 300 | _avii,495 | ||
| 650 | _ato | ||
| 650 | _atheory | ||
| 650 | _apractice | ||
| 650 | _aparadigm | ||
| 650 | _anew | ||
| 650 | _afrom | ||
| 650 | _aConstructivism: | ||
| 690 | _aPhilosophy | ||
| 700 | _aMAHAPATRA (M) | ||
| 906 | _a073498 | ||
| 999 |
_c123325 _d123325 |
||